| 000 | 00859nam a22001697a 4500 | ||
|---|---|---|---|
| 008 | 111120s1984 ua|||||r|||| 000 0 ara d | ||
| 020 | _a9771101072 | ||
| 082 |
_222 _a214.296 _bق ن د |
||
| 100 |
_927786 _aقنديل ، عبد الرازق أحمد |
||
| 245 |
_aالأثر الإسلامي : _bفي الفكر الديني اليهودي / _cعبد الرازق أحمد قنديل |
||
| 260 |
_aالقاهرة : _bدار التراث بالاشتراك مع مركز بحوث الشرق الأوسط ، 1984 _c1984 |
||
| 300 |
_a528 ص ؛ _c24 سم |
||
| 504 | _aيشتمل على إرجاعات ببليوجرافية: ص516-528 | ||
| 650 |
_916855 _aالإسلام و اليهودية |
||
| 942 |
_2ddc _cBB |
||
| 999 |
_c16232 _d16232 |
||